000 00458nam a2200145Ia 4500
008 230411s9999 xx 000 0 und d
020 _a978-81-312-5419-6
041 _aeng
082 _aMS/610.7361/BLA/B09159
100 _aBlack Joyce M Hawks Jane H & Malarvizhi S
_9180017
245 _aBlacks Medical Surgical Nursing : Clinical management for positive outcomes
260 _bElsevier
_aNew Delhi
_c2019
300 _a2311p
999 _c158435
_d158435